| 000 | nam a22 a 4500 | ||
|---|---|---|---|
| 999 |
_c53961 _d53961 |
||
| 003 | BLK | ||
| 005 | 20230306164858.0 | ||
| 008 | 180408b bul|||||r ||||||| ||bul|| | ||
| 010 | _aKNG00057903000 | ||
| 040 | _aBLK | ||
| 041 |
_aBUL _cBUL |
||
| 072 | 7 |
_2bullib _aЯ _xАвтографи |
|
| 072 | 7 |
_2bullib _aК _xКраезнание |
|
| 080 |
_aБългарска литература _b821.163.2 _x-31 _z821.163.2-31 |
||
| 100 | 1 |
_aХърст, Даниел _eпърви автор _9268792 |
|
| 139 |
_aХърст, Даниел _bХ 96 |
||
| 245 | 1 | 0 |
_aВ сянката на полумесеца и кръста _bРоман _cДаниел Хърст; * Данаил Христов Стойчев. |
| 257 | _aBGR | ||
| 260 |
_aРусе _bИзд. авт. _c1992 |
||
| 300 |
_a172 с. _c20 см |
||
| 380 | _aX | ||
| 500 | _aДаниел Хърст - псевд. на Данаил Христов Стойчев | ||
| 659 | _aК | ||
| 659 | _aЯ | ||
| 700 | 1 |
_aСтойчев, Данаил Христов _e* _9368946 |
|
| 852 | _aЦб 170064 | ||
| 852 | _aК 821.163.2/Х 96 Д | ||
| 856 | 4 |
_qpdf _i0.00 _ldisable |
|
| 856 | 4 |
_qpdf _i0.00 _ldisable |
|
| 942 |
_cKNG _n0 _s1 |
||
| 944 |
_aCR _c27.01.2006 _kНаталия_Медовщикова |
||
| 944 |
_aED _c20.09.2017 _kСевдалина_Василева |
||
| 999 | _d53961 | ||
| 999 | _d53961 | ||